<?xml version="1.0" encoding="UTF-8"?>
<record
    xmlns:xsi="http://www.w3.org/2001/XMLSchema-instance"
    xsi:schemaLocation="http://www.loc.gov/MARC21/slim http://www.loc.gov/standards/marcxml/schema/MARC21slim.xsd"
    xmlns="http://www.loc.gov/MARC21/slim">

  <leader>00451    a2200145   4500</leader>
  <datafield tag="999" ind1=" " ind2=" ">
    <subfield code="c">330612</subfield>
    <subfield code="d">330612</subfield>
  </datafield>
  <controlfield tag="001">64563</controlfield>
  <controlfield tag="003">NUST</controlfield>
  <controlfield tag="005">20170726102127.0</controlfield>
  <controlfield tag="008">170726b        xxu||||| |||| 00| 0 eng d</controlfield>
  <datafield tag="020" ind1=" " ind2=" ">
    <subfield code="a">9693507827</subfield>
  </datafield>
  <datafield tag="040" ind1=" " ind2=" ">
    <subfield code="c">NUST</subfield>
  </datafield>
  <datafield tag="082" ind1=" " ind2=" ">
    <subfield code="a">891.4393 </subfield>
    <subfield code="b">ASM</subfield>
  </datafield>
  <datafield tag="100" ind1=" " ind2=" ">
    <subfield code="a">Asmat,Chughtai</subfield>
    <subfield code="9">3574</subfield>
  </datafield>
  <datafield tag="245" ind1=" " ind2=" ">
    <subfield code="a">Ziddi/</subfield>
    <subfield code="c">by Asmat Chughtai</subfield>
  </datafield>
  <datafield tag="260" ind1=" " ind2=" ">
    <subfield code="a">Lahore</subfield>
    <subfield code="b">Sang-e-Meel Publications</subfield>
    <subfield code="c">2000</subfield>
  </datafield>
  <datafield tag="300" ind1=" " ind2=" ">
    <subfield code="a">96p.</subfield>
  </datafield>
  <datafield tag="546" ind1=" " ind2=" ">
    <subfield code="a">In Urdu</subfield>
  </datafield>
  <datafield tag="650" ind1=" " ind2=" ">
    <subfield code="a">Urdu Literature</subfield>
    <subfield code="9">347</subfield>
  </datafield>
  <datafield tag="880" ind1=" " ind2=" ">
    <subfield code="6">100-01\(3\r</subfield>
    <subfield code="a">&#x639;&#x635;&#x645;&#x62A; &#x686;&#x63A;&#x62A;&#x627;&#x626;&#x6CC;</subfield>
  </datafield>
  <datafield tag="880" ind1=" " ind2=" ">
    <subfield code="6">245-02\(3\r</subfield>
    <subfield code="a">&#x636;&#x62F;&#x6CC;</subfield>
    <subfield code="c">&#x639;&#x635;&#x645;&#x62A; &#x686;&#x63A;&#x62A;&#x627;&#x626;&#x6CC;</subfield>
  </datafield>
  <datafield tag="880" ind1=" " ind2=" ">
    <subfield code="6">260-03\(3\r</subfield>
    <subfield code="a">&#x644;&#x627;&#x6C1;&#x648;&#x631;:</subfield>
    <subfield code="b">&#x633;&#x646;&#x6AF; &#x645;&#x6CC;&#x644; &#x67E;&#x628;&#x644;&#x6CC; &#x6A9;&#x6CC;&#x634;&#x646;&#x632;&#x60C;</subfield>
    <subfield code="c">2000</subfield>
  </datafield>
  <datafield tag="942" ind1=" " ind2=" ">
    <subfield code="2">ddc</subfield>
    <subfield code="c">BK</subfield>
  </datafield>
  <datafield tag="952" ind1=" " ind2=" ">
    <subfield code="0">0</subfield>
    <subfield code="1">0</subfield>
    <subfield code="2">ddc</subfield>
    <subfield code="4">0</subfield>
    <subfield code="7">0</subfield>
    <subfield code="a">CL</subfield>
    <subfield code="b">CL</subfield>
    <subfield code="c">FIC</subfield>
    <subfield code="d">2017-07-26</subfield>
    <subfield code="l">3</subfield>
    <subfield code="m">4</subfield>
    <subfield code="o">891.4393  ASM</subfield>
    <subfield code="p">CL1906</subfield>
    <subfield code="r">2024-05-07</subfield>
    <subfield code="s">2024-05-07</subfield>
    <subfield code="t">1</subfield>
    <subfield code="w">2017-07-26</subfield>
    <subfield code="y">BK</subfield>
  </datafield>
</record>
